[Event "WchT Rapid"]
[Site "London"]
[Date "2025.06.12"]
[Round "8.6"]
[White "Araya Fuentes, Cristian"]
[Black "Gamal, Alaa"]
[Result "0-1"]
[WhiteElo "1945"]
[BlackElo "1754"]
[PlyCount "70"]
[EventDate "2025.06.11"]
[EventType "team-swiss"]
[EventRounds "12"]
[EventCountry "ENG"]
[SourceTitle "CB25_2025"]
[SourceDate "2025.06.18"]
[SourceVersion "1"]
[SourceVersionDate "2025.06.18"]
[SourceQuality "1"]
[WhiteTeam "The MongolZ"]
[BlackTeam "Wood Green"]
[WhiteTeamCountry "MGL"]
[BlackTeamCountry "ENG"]

1. Nf3 d5 2. g3 Nf6 3. Bg2 e6 4. d3 Bd6 5. Nbd2 b6 6. 0-0 Bb7 7. Re1 c5 8. e4 dxe4 9. dxe4 Bc7 10. c3 Nbd7 11. Qc2 Qb8 12. a4 a6 13. Nc4 h5 14. h4 Ng4 15. Nh2 Nxf2 16. Bf4 Bxf4 17. gxf4 Ng4 18. e5 0-0 19. Nd6 Bxg2 20. Qxg2 Nxh2 21. Kxh2 Kh7 22. Rg1 g6 23. Nxf7 Rg8 24. Qg5 Qf8 25. Nd6 Qh6 26. Nf7 Qg7 27. Qe7 Nf8 28. Rad1 Rc8 29. Rd6 b5 30. a5 Ra8 31. b3 Rh8 32. Rc6 Kg8 33. Rc7 Rh7 34. b4 c4 35. Rg5 Qxf7 0-1

[Event "Pristina Balkan op-B"]
[Site "Pristina"]
[Date "2024.06.18"]
[Round "7"]
[White "Sadiku, Ylber"]
[Black "Gamal, Alaa"]
[Result "1/2-1/2"]
[WhiteElo "1889"]
[BlackElo "1834"]
[PlyCount "75"]
[EventDate "2024.06.14"]
[EventType "swiss"]
[EventRounds "9"]
[EventCountry "KOS"]
[SourceTitle "CBM 221 Extra"]
[Source "ChessBase"]
[SourceDate "2024.09.30"]
[SourceVersion "1"]
[SourceVersionDate "2024.09.30"]
[SourceQuality "1"]

1. e4 c5 2. Nf3 g6 3. d4 cxd4 4. Nxd4 Bg7 5. Nc3 Nc6 6. Be3 d6 7. Qd2 Nf6 8. f3 Bd7 9. 0-0-0 Nxd4 10. Bxd4 Qa5 11. Bc4 b5 12. Bb3 h5 13. Kb1 Bc6 14. Rhe1 Qc7 15. Nd5 Nxd5 16. Bxd5 Rd8 17. Qe3 Bxd5 18. exd5 Bxd4 19. Rxd4 Rd7 20. Re4 a5 21. h3 Qa7 22. Qg5 Kd8 23. f4 h4 24. Rd1 Rc7 25. Rde1 Rd7 26. Qg4 Rh5 27. c4 Rc7 28. Rc1 Qc5 29. Qd1 bxc4 30. Rexc4 Qxc4 31. Rxc4 Rxc4 32. Qb3 Rc5 33. Qb8+ Kd7 34. Qb7+ Ke8 35. Qb8+ Kd7 36. Qb7+ Kd8 37. Qb6+ Kd7 38. Qb7+ 1/2-1/2

[Event "Barbera del Valles op 45th"]
[Site "Barbera del Valles"]
[Date "2023.07.12"]
[Round "9"]
[White "Gamal, Alaa"]
[Black "Jose Iraeta, Alexandre"]
[Result "0-1"]
[WhiteElo "1721"]
[BlackElo "1893"]
[PlyCount "136"]
[EventDate "2023.07.04"]
[EventType "swiss"]
[EventRounds "9"]
[EventCountry "ESP"]
[SourceTitle "CBM 215 Extra"]
[Source "ChessBase"]
[SourceDate "2023.09.30"]
[SourceVersion "1"]
[SourceVersionDate "2023.09.30"]
[SourceQuality "1"]

1. d4 e6 2. Nf3 c5 3. c3 d5 4. Bf4 Nf6 5. e3 Bd6 6. Ne5 Qc7 7. Bb5+ Nbd7 8. Nxd7 Bxd7 9. Bxd6 Qxd6 10. Bd3 e5 11. dxe5 Qxe5 12. Nd2 0-0 13. Nf3 Qe7 14. h3 Bc6 15. 0-0 Rad8 16. Re1 Ne4 17. Qc2 Rfe8 18. Rad1 Qf6 19. c4 dxc4 20. Bxc4 Ng5 21. Nxg5 Qxg5 22. Bf1 b6 23. Rxd8 Rxd8 24. b4 Bb7 25. bxc5 Qxc5 26. Qxc5 bxc5 27. Rc1 Rc8 28. Bc4 Kf8 29. Rc3 Rc7 30. Ra3 Bc8 31. Rd3 Ke7 32. Kf1 Be6 33. Rc3 Bxc4+ 34. Rxc4 Kd6 35. e4 Rb7 36. Rc2 Rb4 37. f3 c4 38. Kf2 Kc5 39. Ke3 Ra4 40. h4 Ra3+ 41. Ke2 Kd4 42. Kd2 c3+ 43. Ke2 Ra6 44. Kd1 Kd3 45. Kc1 Rh6 46. g3 Rc6 47. Rf2 Ke3 48. Rf1 c2 49. f4 Kxe4 50. Re1+ Kf3 51. Re7 Rf6 52. Rxa7 Kxg3 53. a4 Rxf4 54. Kxc2 Kxh4 55. a5 g5 56. Kb3 g4 57. a6 Rf6 58. Ra8 g3 59. a7 Ra6 60. Kc3 g2 61. Rg8 Rxa7 62. Rxg2 Rd7 63. Rg7 Kh5 64. Rxh7+ Kg6 65. Rh1 f5 66. Rg1+ Kh5 67. Rf1 Kg4 68. Rg1+ Kf3 0-1

[Event "Barbera del Valles op 45th"]
[Site "Barbera del Valles"]
[Date "2023.07.11"]
[Round "8"]
[White "Sonkalan, Bharati"]
[Black "Gamal, Alaa"]
[Result "1-0"]
[WhiteElo "2009"]
[BlackElo "1721"]
[PlyCount "85"]
[EventDate "2023.07.04"]
[EventType "swiss"]
[EventRounds "9"]
[EventCountry "ESP"]
[SourceTitle "CBM 215 Extra"]
[Source "ChessBase"]
[SourceDate "2023.09.30"]
[SourceVersion "1"]
[SourceVersionDate "2023.09.30"]
[SourceQuality "1"]

1. e4 e5 2. Nf3 Nf6 3. Nxe5 d6 4. Nf3 Nxe4 5. Nc3 Nxc3 6. dxc3 Be7 7. Be3 Nc6 8. Qd2 Be6 9. 0-0-0 Qd7 10. Kb1 0-0-0 11. Bb5 a6 12. Ba4 b5 13. Bb3 Bc4 14. Bxc4 bxc4 15. Qd5 Kb7 16. Ne5 dxe5 17. Qxd7 Rxd7 18. Rxd7 f5 19. g3 Bf6 20. Rhd1 h6 21. R7d5 Rd8 22. f4 Re8 23. fxe5 Nxe5 24. Bd4 c6 25. Rxe5 Rxe5 26. Bxe5 Bxe5 27. Rf1 f4 28. gxf4 Bf6 29. Kc1 Kb6 30. Kd2 Kb5 31. Ke3 a5 32. Ke4 a4 33. a3 Kc5 34. Kf5 Kd6 35. Rd1+ Kc5 36. Rd7 Kb6 37. Kg6 Bh4 38. Kxg7 Bf2 39. f5 Be3 40. f6 Bc1 41. f7 Bxb2 42. f8Q Bxc3+ 43. Kxh6 1-0

[Event "Barbera del Valles op 45th"]
[Site "Barbera del Valles"]
[Date "2023.07.09"]
[Round "6"]
[White "Comellas Blanchart, Jordi"]
[Black "Gamal, Alaa"]
[Result "1-0"]
[WhiteElo "1986"]
[BlackElo "1721"]
[PlyCount "81"]
[EventDate "2023.07.04"]
[EventType "swiss"]
[EventRounds "9"]
[EventCountry "ESP"]
[SourceTitle "CBM 215 Extra"]
[Source "ChessBase"]
[SourceDate "2023.09.30"]
[SourceVersion "1"]
[SourceVersionDate "2023.09.30"]
[SourceQuality "1"]

1. d4 d5 2. c4 dxc4 3. Nf3 Nf6 4. e3 e6 5. Bxc4 c5 6. 0-0 Nc6 7. Nc3 a6 8. dxc5 Qa5 9. Qe2 Bxc5 10. e4 b5 11. Bb3 0-0 12. Bg5 Nd4 13. Nxd4 Bxd4 14. e5 Nd7 15. Qe4 Qb6 16. Bc2 g6 17. Rad1 Bxe5 18. Rxd7 Bxc3 19. Re7 Qc5 20. Qxa8 Bg7 21. Bb3 Qxg5 22. Rc7 Qd8 23. Rfc1 Qd2 24. Rd1 Qxb2 25. Rxc8 h5 26. Rxf8+ Bxf8 27. Qd8 Qa3 28. Qd7 Bc5 29. g3 Qb4 30. Qd3 Kg7 31. Kg2 h4 32. Qf3 a5 33. Qf4 Qa3 34. Qe5+ Kg8 35. Rd8+ Bf8 36. Qxb5 Kg7 37. Qe5+ Kg8 38. Rd7 Bg7 39. Qf4 Qf8 40. Rb7 Qe8 41. Rb8 1-0

[Event "ENG-ch Chessable (Women)"]
[Site "Kenilworth"]
[Date "2023.05.27"]
[Round "3"]
[White "Gamal, Alaa"]
[Black "Toma, Katarzyna"]
[Result "0-1"]
[WhiteElo "1752"]
[BlackElo "2254"]
[PlyCount "60"]
[EventDate "2023.05.26"]
[EventType "swiss"]
[EventRounds "7"]
[EventCountry "ENG"]
[SourceTitle "CBM 214 Extra"]
[Source "ChessBase"]
[SourceDate "2023.07.31"]
[SourceVersion "1"]
[SourceVersionDate "2023.07.31"]
[SourceQuality "1"]

1. d4 Nf6 2. c4 e6 3. Nf3 c5 4. d5 d6 5. Nc3 exd5 6. cxd5 g6 7. Bg5 h6 8. Bf4 g5 9. Bc1 a6 10. a4 Bf5 11. e3 Bg7 12. Bd3 Bxd3 13. Qxd3 Nbd7 14. h3 Qe7 15. Qf5 0-0 16. 0-0 Rfe8 17. Rb1 Ne5 18. Nd2 Qd7 19. Qc2 b5 20. f4 Ng6 21. fxg5 hxg5 22. Nde4 Nh7 23. Ng3 g4 24. hxg4 Qxg4 25. Qf2 Ng5 26. axb5 axb5 27. Nxb5 Be5 28. Qf5 Qxg3 29. Nc7 Nh4 30. Qc2 Nh3+ 0-1

[Event "BCF-chT2 2223 (4NCL)"]
[Site "England"]
[Date "2023.05.01"]
[Round "11.28"]
[White "Gamal, Alaa"]
[Black "Slade, Robin"]
[Result "1/2-1/2"]
[WhiteElo "1908"]
[BlackElo "2118"]
[PlyCount "59"]
[EventDate "2022.10.22"]
[EventType "team-tourn"]
[EventRounds "11"]
[EventCountry "ENG"]
[SourceTitle "EXT 2024"]
[Source "ChessBase"]
[SourceDate "2023.10.10"]
[SourceVersion "1"]
[SourceVersionDate "2023.10.10"]
[SourceQuality "1"]
[WhiteTeam "The ADS"]
[BlackTeam "Barbican"]
[WhiteTeamCountry "ENG"]
[BlackTeamCountry "ENG"]

1. d4 f5 2. Nc3 d5 3. Bf4 Nf6 4. Nb5 Na6 5. e3 c6 6. Nc3 Nc7 7. Nf3 e6 8. Ne5 Bd7 9. Be2 Rg8 10. h4 Nb5 11. Nxb5 cxb5 12. g4 Bc6 13. g5 Nd7 14. Nf3 Qa5+ 15. c3 b4 16. Qd2 bxc3 17. bxc3 Bb5 18. 0-0 g6 19. Bxb5 Qxb5 20. Rab1 Qc6 21. Qb2 b6 22. Rfc1 Qa4 23. Qe2 Rc8 24. Rb3 Kf7 25. Rc2 Qc4 26. Qd1 b5 27. Qf1 Qxf1+ 28. Kxf1 a6 29. Rcb2 Rc4 30. Nd2 1/2-1/2

[Event "EU-ch (Women) 23rd"]
[Site "Petrovac"]
[Date "2023.03.26"]
[Round "8"]
[White "Gamal, Alaa"]
[Black "Saraci, Rinesa"]
[Result "1-0"]
[WhiteElo "1748"]
[BlackElo "1503"]
[PlyCount "111"]
[EventDate "2023.03.18"]
[EventType "swiss"]
[EventRounds "11"]
[EventCountry "MNE"]
[SourceTitle "CBM 213 Extra"]
[Source "ChessBase"]
[SourceDate "2023.05.31"]
[SourceVersion "1"]
[SourceVersionDate "2023.05.31"]
[SourceQuality "1"]

1. d4 Nf6 2. c4 e6 3. a3 d5 4. Nc3 Be7 5. Nf3 0-0 6. e3 c6 7. Bd3 Nbd7 8. 0-0 Re8 9. e4 dxe4 10. Nxe4 h6 11. Ng3 c5 12. b3 cxd4 13. Nxd4 Nc5 14. Bc2 b6 15. b4 Ncd7 16. Qe2 Bb7 17. Bb2 a6 18. Rad1 Qc7 19. Rd2 Rac8 20. Bb3 Nf8 21. Rfd1 Ng6 22. f3 Red8 23. Qe3 Qf4 24. Qe1 Qc7 25. Qe3 Qf4 26. Qe2 Rd6 27. Bc2 Ne5 28. Ndf5 Rxd2 29. Nxe7+ Kf8 30. Rxd2 Nxc4 31. Rd4 Qc7 32. Rxc4 Qxc4 33. Nxc8 Qxc8 34. Bxf6 gxf6 35. Be4 Qc1+ 36. Kf2 Bc8 37. Qc2 Qxc2+ 38. Bxc2 b5 39. Ne4 Ke7 40. Nc5 Kd6 41. Be4 Kc7 42. f4 Kb6 43. Bh7 e5 44. Bg8 a5 45. Bxf7 axb4 46. axb4 Bf5 47. Ke3 Kc6 48. Ne4 Kd7 49. Bd5 exf4+ 50. Kxf4 Bg6 51. Nxf6+ Kd6 52. Bf3 Bf7 53. Ng4 h5 54. Nf6 h4 55. Ne4+ Kc7 56. Kg4 1-0

[Event "BCF-chT2 2223 (4NCL)"]
[Site "England"]
[Date "2023.02.12"]
[Round "6.18"]
[White "Gamal, Alaa"]
[Black "Pozimski, Szymon"]
[Result "1-0"]
[WhiteElo "1908"]
[BlackElo "1968"]
[PlyCount "161"]
[EventDate "2022.10.22"]
[EventType "team-tourn"]
[EventRounds "11"]
[EventCountry "ENG"]
[SourceTitle "EXT 2024"]
[Source "ChessBase"]
[SourceDate "2023.10.10"]
[SourceVersion "1"]
[SourceVersionDate "2023.10.10"]
[SourceQuality "1"]
[WhiteTeam "The ADS"]
[BlackTeam "Oxford"]
[WhiteTeamCountry "ENG"]
[BlackTeamCountry "ENG"]

1. e4 e5 2. Nf3 Nc6 3. Bb5 Nf6 4. 0-0 Nxe4 5. Re1 Nd6 6. Bxc6 dxc6 7. Rxe5+ Be7 8. Qe2 Bg4 9. Nc3 Bxf3 10. gxf3 Nc8 11. d3 0-0 12. Bd2 Bf6 13. Re4 Nd6 14. Rg4 Re8 15. Qf1 Nf5 16. Qg2 h5 17. Re4 Nd6 18. Rxe8+ Qxe8 19. Re1 Qd7 20. b3 Qf5 21. Ne4 Be5 22. Kh1 Bf4 23. Bc3 Bh6 24. Rg1 g6 25. Nf6+ Kf8 26. Nh7+ Kg8 27. Nf6+ Kf8 28. Nh7+ Ke7 29. Re1+ Kd7 30. Nf6+ Kd8 31. Re5 Qxf6 32. Re8+ Nxe8 33. Bxf6+ Nxf6 34. Qg3 Bf8 35. Qe5 Be7 36. f4 Ne8 37. Qd4+ Bd6 38. c4 b6 39. b4 c5 40. bxc5 bxc5 41. Qd5 Rb8 42. Qxf7 Bxf4 43. Qxf4 Rb6 44. Qg5+ Kc8 45. Qxc5 Nd6 46. Qa5 Kb7 47. Qd5+ Rc6 48. a4 a6 49. Kg2 Kb6 50. a5+ Kb7 51. Kf3 Nf5 52. Kf4 Ne7 53. Qe4 Nc8 54. Kg5 Nd6 55. Qd5 Ne8 56. Qe4 Nd6 57. Qd5 Nc8 58. c5 Ne7 59. Qe4 Nc8 60. d4 Na7 61. Qd5 Nb5 62. Qc4 Kc8 63. Qg8+ Kb7 64. Qd5 Nc3 65. Qb3+ Nb5 66. Qc4 Nd6 67. Qb4+ Kc8 68. cxd6 Rxd6 69. f4 Kd7 70. Qxd6+ Kxd6 71. Kxg6 Kd5 72. f5 Kxd4 73. f6 c5 74. f7 c4 75. f8Q c3 76. Qd6+ Ke3 77. Qd1 h4 78. Kh5 h3 79. Kh4 Kf2 80. Kxh3 Ke3 81. Kg4 1-0

[Event "Hastings Masters op"]
[Site "Hastings"]
[Date "2022.12.31"]
[Round "4"]
[White "Gamal, Alaa"]
[Black "Shepley, Julien M"]
[Result "1/2-1/2"]
[WhiteElo "1713"]
[BlackElo "1848"]
[PlyCount "98"]
[EventDate "2022.12.28"]
[EventType "swiss"]
[EventRounds "10"]
[EventCountry "ENG"]
[SourceTitle "CBM 212 Extra"]
[Source "ChessBase"]
[SourceDate "2023.03.31"]
[SourceVersion "1"]
[SourceVersionDate "2023.03.31"]
[SourceQuality "1"]

1. d4 d5 2. Nf3 c5 3. c4 e6 4. cxd5 exd5 5. g3 Nc6 6. Bg2 Nf6 7. 0-0 Be7 8. Nc3 0-0 9. Be3 c4 10. Bf4 Be6 11. Ng5 Qd7 12. Nxe6 Qxe6 13. e4 Qd7 14. e5 Ne4 15. Nxe4 dxe4 16. d5 Nb4 17. Bxe4 Rfd8 18. d6 Bf8 19. a3 Nc6 20. Qc2 g6 21. Qxc4 Rac8 22. Qd3 Bg7 23. Bxc6 Rxc6 24. Rac1 Re8 25. Rxc6 bxc6 26. Qc3 g5 27. Bxg5 Bxe5 28. Qd2 Qxd6 29. Qxd6 Bxd6 30. Be3 Rb8 31. Rb1 Bxa3 32. Rc1 Bxb2 33. Rxc6 a5 34. Ra6 Bc3 35. Bb6 Re8 36. Bxa5 Bxa5 37. Rxa5 Re6 38. Rg5+ Kf8 39. f4 h6 40. Re5 Rxe5 41. fxe5 Ke7 42. Kf2 Ke6 43. Kf3 Kxe5 44. Kg4 Kf6 45. Kh5 Kg7 46. g4 Kh7 47. h3 Kg7 48. Kh4 Kg6 49. Kg3 f5 1/2-1/2

[Event "Hastings Masters op"]
[Site "Hastings"]
[Date "2022.12.30"]
[Round "3"]
[White "Liu, Tianyi"]
[Black "Gamal, Alaa"]
[Result "1-0"]
[WhiteElo "1892"]
[BlackElo "1713"]
[PlyCount "67"]
[EventDate "2022.12.28"]
[EventType "swiss"]
[EventRounds "10"]
[EventCountry "ENG"]
[SourceTitle "CBM 212 Extra"]
[Source "ChessBase"]
[SourceDate "2023.03.31"]
[SourceVersion "1"]
[SourceVersionDate "2023.03.31"]
[SourceQuality "1"]

1. e4 d5 2. exd5 Qxd5 3. Nc3 Qd6 4. d4 Nf6 5. Nf3 a6 6. Bc4 b5 7. Bb3 e6 8. 0-0 Be7 9. Qe2 0-0 10. Ne4 Qb6 11. Nxf6+ Bxf6 12. c3 Bb7 13. Ng5 Qc6 14. f3 Bxg5 15. Bxg5 h6 16. Bh4 g5 17. Bg3 Nd7 18. Rad1 Nb6 19. Qe5 Rac8 20. Qf6 Nd7 21. Qxh6 f6 22. d5 exd5 23. Bxd5+ Qxd5 24. Rxd5 Bxd5 25. f4 Rf7 26. fxg5 Rh7 27. Qg6+ Rg7 28. Qf5 Bc4 29. Rd1 Nb6 30. gxf6 Rf8 31. b3 Be2 32. Qe6+ Kh7 33. fxg7 Kxg7 34. Be5+ 1-0

[Event "BCF-chT2 2223 (4NCL)"]
[Site "England"]
[Date "2022.10.23"]
[Round "2.16"]
[White "Gamal, Alaa"]
[Black "Birtwistle, Nigel"]
[Result "1/2-1/2"]
[WhiteElo "1908"]
[BlackElo "2196"]
[PlyCount "148"]
[EventDate "2022.10.22"]
[EventType "team-tourn"]
[EventRounds "11"]
[EventCountry "ENG"]
[SourceTitle "EXT 2024"]
[Source "ChessBase"]
[SourceDate "2023.10.10"]
[SourceVersion "1"]
[SourceVersionDate "2023.10.10"]
[SourceQuality "1"]
[WhiteTeam "The ADS"]
[BlackTeam "The Sharks II"]
[WhiteTeamCountry "ENG"]
[BlackTeamCountry "ENG"]

1. d4 Nf6 2. c4 c5 3. d5 b5 4. cxb5 a6 5. bxa6 Bxa6 6. Nc3 d6 7. e4 Bxf1 8. Kxf1 g6 9. Nf3 Bg7 10. g3 0-0 11. Bd2 Qb6 12. Qc2 Nbd7 13. Kg2 Rfb8 14. Rhb1 Qa6 15. Be1 Ng4 16. Nd1 Nde5 17. Nxe5 Nxe5 18. Bc3 Qd3 19. Qxd3 Nxd3 20. Bxg7 Kxg7 21. Kf1 Nb4 22. a4 Nc2 23. Ra2 Rb3 24. Rc1 Nb4 25. Raa1 f5 26. Rc3 Rxc3 27. bxc3 Na6 28. exf5 gxf5 29. Ne3 Kf6 30. Rb1 Ra7 31. Nc4 Nc7 32. Nb6 Na8 33. Nc8 Rxa4 34. Rb7 Ra6 35. Rxe7 Nb6 36. Re6+ Kg7 37. Nxb6 Rxb6 38. Ke2 Rb3 39. Rxd6 Rxc3 40. Re6 c4 41. Re7+ Kg6 42. Rc7 Rd3 43. Rxc4 Rxd5 44. h4 Rd6 45. Kf3 h6 46. Kf4 Re6 47. h5+ Kxh5 48. Kxf5 Rf6+ 49. Ke5 Rxf2 50. g4+ Kg5 51. Rc8 Re2+ 52. Kd4 Kxg4 53. Rg8+ Kh4 54. Rg1 h5 55. Kd3 Re7 56. Kd2 Re5 57. Kd1 Kh3 58. Kd2 h4 59. Kd1 Kh2 60. Rg4 h3 61. Kd2 Kh1 62. Kd1 h2 63. Kd2 Re6 64. Rg7 Ra6 65. Ke2 Ra2+ 66. Kf1 Ra1+ 67. Kf2 Rg1 68. Rh7 Rg5 69. Rf7 Ra5 70. Rf8 Ra2+ 71. Kf1 Rb2 72. Rf7 Rb1+ 73. Kf2 Rg1 74. Rf6 Rf1+ 1/2-1/2

[Event "Nova Gorica op-A 26th"]
[Site "Nova Gorica"]
[Date "2022.09.18"]
[Round "4"]
[White "Mihelj, Edvard Danijel"]
[Black "Gamal, Alaa"]
[Result "0-1"]
[WhiteElo "1657"]
[BlackElo "1693"]
[PlyCount "88"]
[EventDate "2022.09.16"]
[EventType "swiss"]
[EventRounds "9"]
[EventCountry "SLO"]
[SourceTitle "CBM 210 Extra"]
[Source "ChessBase"]
[SourceDate "2022.11.30"]
[SourceVersion "1"]
[SourceVersionDate "2022.11.30"]
[SourceQuality "1"]

1. e4 d5 2. e5 c5 3. f4 Nc6 4. Nf3 Bg4 5. Be2 e6 6. 0-0 g6 7. Nc3 a6 8. a3 Bg7 9. d3 Nge7 10. Qe1 Nf5 11. Qf2 Bxf3 12. Bxf3 Ncd4 13. g4 Nxf3+ 14. Qxf3 Nh4 15. Qf2 Rc8 16. Ne2 h5 17. g5 Nf5 18. h4 0-0 19. Kh2 Qc7 20. Kh3 b5 21. c3 c4 22. d4 a5 23. Ng3 Nxg3 24. Kxg3 Qb6 25. Bd2 Rfe8 26. Ra2 Bf8 27. Rfa1 Ra8 28. Qe1 Reb8 29. Qf2 Qb7 30. Qe1 Qb6 31. Qf2 Rb7 32. Qe1 Rab8 33. Kf3 b4 34. axb4 axb4 35. Ra6 Qc7 36. Ra8 bxc3 37. bxc3 Rb2 38. Rxb8 Qxb8 39. Qc1 Rb3 40. Ke3 Qb6 41. Kf3 Qxd4 42. Qe1 Bc5 43. Rd1 Qd3+ 44. Kg2 Rb2 0-1

[Event "Targu Mures op 3rd"]
[Site "Targu Mures"]
[Date "2022.06.05"]
[Round "2"]
[White "Maier, Marius Alin"]
[Black "Gamal, Alaa"]
[Result "1-0"]
[WhiteElo "1935"]
[BlackElo "1723"]
[PlyCount "117"]
[EventDate "2022.06.05"]
[EventType "swiss"]
[EventRounds "9"]
[EventCountry "ROU"]
[SourceTitle "EXT 2024"]
[Source "ChessBase"]
[SourceDate "2023.10.10"]
[SourceVersion "1"]
[SourceVersionDate "2023.10.10"]
[SourceQuality "1"]

1. e4 e5 2. Nf3 Nf6 3. Nxe5 d6 4. Nf3 Nxe4 5. Qe2 Qe7 6. d3 Nf6 7. Qxe7+ Bxe7 8. Nc3 0-0 9. Bf4 c6 10. 0-0-0 h6 11. h3 Bf5 12. g4 Bh7 13. Re1 Re8 14. g5 hxg5 15. Nxg5 Nh5 16. Bd2 Bg6 17. h4 Nd7 18. Bh3 Nb6 19. a4 d5 20. a5 d4 21. Ne2 Nd5 22. Bg2 Rad8 23. a6 Bf6 24. axb7 Rb8 25. Bxd5 cxd5 26. Nf4 Red8 27. Nxg6 fxg6 28. Ne6 Rd7 29. Nc5 Rc7 30. Na6 Rcxb7 31. Nxb8 Rxb8 32. Bg5 Kf7 33. b3 a5 34. Kd2 Rb6 35. Ra1 Rb5 36. Ra4 Be5 37. Rha1 Bd6 38. Ke2 Bb4 39. Bd2 Rb6 40. Bxb4 Re6+ 41. Kd2 axb4 42. Rxb4 Nf4 43. Rxd4 Re2+ 44. Kc3 Rxf2 45. Rda4 Ne2+ 46. Kb2 Rh2 47. Rf1+ Kg8 48. Ra8+ Kh7 49. Rff8 g5 50. hxg5 Kg6 51. Ra5 Nd4 52. Rc8 Nf3 53. Rxd5 Ne1 54. b4 Rg2 55. b5 Rg4 56. Rc4 Rg2 57. b6 Nxd3+ 58. Rxd3 Rxg5 59. Rb3 1-0

[Event "ENG-ch Chessable (Women)"]
[Site "Kenilworth"]
[Date "2022.05.22"]
[Round "7"]
[White "Dicen, Elis Denele"]
[Black "Gamal, Alaa"]
[Result "1-0"]
[WhiteElo "1635"]
[BlackElo "1651"]
[PlyCount "131"]
[EventDate "2022.05.19"]
[EventType "swiss"]
[EventRounds "7"]
[EventCountry "ENG"]
[SourceTitle "CBM 208 Extra"]
[Source "ChessBase"]
[SourceDate "2022.07.31"]
[SourceVersion "1"]
[SourceVersionDate "2022.07.31"]
[SourceQuality "1"]

1. d4 g6 2. Nc3 d5 3. Bf4 a6 4. e3 Nf6 5. Nf3 Bg7 6. Be2 Nh5 7. Be5 f6 8. Bg3 Be6 9. Qd2 0-0 10. 0-0-0 Nd7 11. Nh4 Nxg3 12. hxg3 c5 13. f4 f5 14. Nf3 h6 15. Ne5 cxd4 16. exd4 Rf6 17. g4 fxg4 18. Bxg4 Nb6 19. Bxe6+ Rxe6 20. g4 Nc4 21. Qd3 Rc8 22. g5 hxg5 23. Qh3 Qd6 24. Qh7+ Kf8 25. Rdf1 gxf4 26. Rxf4+ Rf6 27. Rxf6+ exf6 28. Nxg6+ Kf7 29. Qh5 Kg8 30. Nxd5 Re8 31. Ngf4 Rc8 32. Qh7+ Kf8 33. Qf5 Re8 34. Rg1 Ne3 35. Nxe3 Rxe3 36. Qc8+ Re8 37. Ng6+ Kf7 38. Qxb7+ Kg8 39. Ne5 Re7 40. Qc8+ Kh7 41. Rh1+ Bh6+ 42. Rxh6+ Kxh6 43. Qh3+ Kg7 44. Qg4+ Kf8 45. Ng6+ Kf7 46. Nxe7 Kxe7 47. Qe4+ Kf7 48. c3 Qb6 49. Qd5+ Kg7 50. b3 Qc7 51. Kb2 Qh2+ 52. Ka3 Qc2 53. Qd7+ Kg6 54. Qg4+ Kh6 55. Qf3 Kg5 56. d5 a5 57. Qe3+ Kg4 58. d6 Qf5 59. Qd4+ Kg3 60. d7 Qb1 61. d8Q Qc1+ 62. Ka4 Qg5 63. Qg1+ Kh4 64. Qh8+ Qh5 65. Qh2+ Kg4 66. Q8xh5# 1-0

[Event "ENG-ch Chessable (Women)"]
[Site "Kenilworth"]
[Date "2022.05.19"]
[Round "1"]
[White "Gamal, Alaa"]
[Black "Oh, Julie"]
[Result "1-0"]
[WhiteElo "1651"]
[BlackElo "1373"]
[PlyCount "133"]
[EventDate "2022.05.19"]
[EventType "swiss"]
[EventRounds "7"]
[EventCountry "ENG"]
[SourceTitle "CBM 208 Extra"]
[Source "ChessBase"]
[SourceDate "2022.07.31"]
[SourceVersion "1"]
[SourceVersionDate "2022.07.31"]
[SourceQuality "1"]

1. Nf3 e6 2. d4 c5 3. c4 Qc7 4. d5 d6 5. Nc3 a6 6. e4 e5 7. h3 Nf6 8. Bg5 Be7 9. Bxf6 Bxf6 10. Be2 0-0 11. 0-0 Bd8 12. Bd3 Qe7 13. Qc2 Nd7 14. Rab1 Nf6 15. Qb3 Nh5 16. Ne2 Qf6 17. Bc2 Qg6 18. Kh2 Bg5 19. g3 Nf6 20. Nxg5 Qxg5 21. Qf3 Qh6 22. Ng1 g5 23. g4 Nxg4+ 24. Kg2 Nf6 25. Ne2 g4 26. hxg4 Bxg4 27. Qg3 Qg7 28. f3 Bd7 29. Rh1 Qxg3+ 30. Nxg3 Kg7 31. b4 b5 32. bxc5 dxc5 33. cxb5 axb5 34. Rb2 c4 35. Ne2 Rfc8 36. Nc3 Rcb8 37. Rhb1 h5 38. a4 Ra5 39. axb5 h4 40. b6 h3+ 41. Kh2 Ra3 42. Nd1 Rxf3 43. Ba4 Bxa4 44. Ra1 Bxd1 45. Rxd1 Rb3 46. Rg1+ Kf8 47. Rc2 R8xb6 48. Rxc4 Rb8 49. Rg5 Ra3 50. Rg3 Rb2+ 51. Kxh3 Rxg3+ 52. Kxg3 Rd2 53. Kf3 Rd3+ 54. Kf2 Ke7 55. Rc7+ Kd6 56. Rc6+ Ke7 57. Rc7+ Kf8 58. Rc8+ Kg7 59. Rc4 Ng4+ 60. Ke2 Re3+ 61. Kd2 Rf3 62. d6 Rf6 63. Rc6 Nh6 64. d7 Rxc6 65. d8Q Re6 66. Qg5+ Kh7 67. Ke3 1-0

[Event "GBR-ch blitz (Women)"]
[Site "Birmingham"]
[Date "2019.11.16"]
[Round "12"]
[White "Gamal, Alaa"]
[Black "Sheikh, Samia Zannat"]
[Result "1-0"]
[WhiteElo "1709"]
[BlackElo "1595"]
[PlyCount "93"]
[EventDate "2019.11.16"]
[EventType "tourn (blitz)"]
[EventRounds "15"]
[EventCountry "ENG"]
[SourceTitle "CBM 193 Extra"]
[Source "ChessBase"]
[SourceDate "2020.01.31"]
[SourceVersion "1"]
[SourceVersionDate "2020.01.31"]
[SourceQuality "1"]

1. c4 g6 2. g3 Bg7 3. Bg2 Nc6 4. Nc3 Nf6 5. e3 0-0 6. Nge2 e6 7. d4 a6 8. 0-0 Ne7 9. b4 d5 10. c5 Nc6 11. b5 axb5 12. Nxb5 Bd7 13. a4 Na7 14. Rb1 Nxb5 15. axb5 Qe7 16. Qb3 c6 17. Nc3 Ra5 18. bxc6 bxc6 19. Bd2 Rfa8 20. Qb6 R5a6 21. Qb7 R6a7 22. Qb3 Bc8 23. Rb2 Ba6 24. Rfb1 Bc4 25. Qb6 Qd7 26. Bf1 Bxf1 27. Kxf1 Ng4 28. Ne2 Nxh2+ 29. Kg2 Ng4 30. Nc1 Qc7 31. Qb3 Nf6 32. Qd1 Ne4 33. Nd3 Nxd2 34. Qxd2 h5 35. Rb6 Ra2 36. Qe1 R2a7 37. Nb4 Rb7 38. Nxc6 Rxb6 39. Rxb6 Ra2 40. Qb1 Ra8 41. Qb5 Kh7 42. Rb7 Qc8 43. Ne7 Qf8 44. c6 Bf6 45. Qc5 Bxe7 46. Qxe7 Qxe7 47. Rxe7 1-0

[Event "GBR-ch blitz (Women)"]
[Site "Birmingham"]
[Date "2019.11.16"]
[Round "1"]
[White "Gamal, Alaa"]
[Black "Supatan, Dawn"]
[Result "1-0"]
[WhiteElo "1709"]
[BlackElo "1596"]
[PlyCount "45"]
[EventDate "2019.11.16"]
[EventType "tourn (blitz)"]
[EventRounds "15"]
[EventCountry "ENG"]
[SourceTitle "CBM 193 Extra"]
[Source "ChessBase"]
[SourceDate "2020.01.31"]
[SourceVersion "1"]
[SourceVersionDate "2020.01.31"]
[SourceQuality "1"]

1. c4 e5 2. g3 Nf6 3. Bg2 Bc5 4. e3 Nc6 5. Ne2 d6 6. 0-0 Be6 7. b3 0-0 8. d4 exd4 9. exd4 Bb6 10. d5 Qd7 11. dxe6 Qxe6 12. Bb2 Rfe8 13. Nf4 Qf5 14. Nc3 Rad8 15. Ncd5 Nxd5 16. Nxd5 Ne7 17. Nxb6 axb6 18. Re1 Ng6 19. Bxb7 Ne5 20. Be4 Qd7 21. Qd4 c5 22. Qc3 Ng6 23. Rad1 1-0